| Поле | Название | Значение |
| |
Тип записи |
a |
| |
Библиографический уровень |
m |
| 001 |
Контрольный номер |
RU\infra-m\znanium\bibl\2235109 |
| 005 |
Дата корректировки |
20260429142219.9 |
| 008 |
Кодируемые данные |
260120s2025 RU g rus u |
| 020 |
Индекс ISBN |
__ |
| a |
ISBN |
978-5-9614-0824-9 |
| 040 |
Источник каталогиз. |
__ |
| a |
Служба первич. каталог. |
Общество с ограниченной ответственностью «ЗНАНИУМ» |
| 041 |
Код языка издания |
__ |
| a |
Код языка текста |
rus |
| 044 |
Код страны публикации |
__ |
| a |
Код страны публикации |
RU |
| 080 |
Индекс УДК |
__ |
| a |
Индекс УДК |
336.7 (031) |
| 084 |
Индекс другой классификации/Индекс ББК |
__ |
| 2 |
Источник индекса |
rubbk |
| a |
Индекс другой классификации/Индекс ББК |
65.262я2 |
| 084 |
Индекс другой классификации/Индекс ББК |
__ |
| 2 |
Источник индекса |
okso |
| a |
Индекс другой классификации/Индекс ББК |
38.03.01 |
| 084 |
Индекс другой классификации/Индекс ББК |
__ |
| 2 |
Источник индекса |
okso |
| a |
Индекс другой классификации/Индекс ББК |
38.03.02 |
| 084 |
Индекс другой классификации/Индекс ББК |
__ |
| 2 |
Источник индекса |
okso |
| a |
Индекс другой классификации/Индекс ББК |
38.03.05 |
| 084 |
Индекс другой классификации/Индекс ББК |
__ |
| 2 |
Источник индекса |
okso |
| a |
Индекс другой классификации/Индекс ББК |
38.04.08 |
| 245 |
Заглавие |
__ |
| a |
Заглавие |
Энциклопедия финансового риск-менеджмента |
| b |
Продолж. заглавия |
Справочная литература |
| 250 |
Сведения об издании |
__ |
| a |
Основные сведения об издании |
4 |
| 260 |
Выходные данные |
__ |
| a |
Место издания |
Москва |
| b |
Издательство |
ООО "Альпина Паблишер" |
| c |
Дата издания |
2026 |
| 300 |
Физическое описание |
__ |
| a |
Объем |
932 с. |
| 520 |
Аннотация |
__ |
| a |
Аннотация |
Эта книга — первое в России издание учебноэнциклопедического характера в котором в соответствии с международными стандартами освещаются основные вопросы финансового рискменеджмента. Издание дополнено новыми материалами по организационным аспектам рискменеджмента моделям эволюции процентных ставок рискам страхования банковских вкладов и анализу макроэкономических рисков. Рассмотрены современные методы количественной оценки и управ ления финансовыми рисками теория экстремальных значений соглашения о форвардной процентной ставке и др. Дан систематизированный обзор методов количественного анализа используемых в рискменеджменте моделей ценообразова ния и стратегий применения производных финансовых инструментов. Приведен обзор основных положений Нового базельского соглашения по капиталу 2004 г. выполненных на основе последней редакции соглашения от ноября 2006 г. Книга предназначена для профессионалов непосредственно занимающихся оценкой и управлением рисками преподавателей студентов и аспирантов экономических факультетов вузов. Она также может использоваться для подготовки к сдаче международных экзаменов по финансовому рискменеджменту на получение сертификатов Financial Risk Manager (FRM®) и Professional Risk Manager (PRM®). |
| 521 |
Примеч. о цел. назн. |
__ |
| a |
Примеч. о целев. назн. |
Профессиональное образование |
| 650 |
Тематические рубрики |
__ |
| a |
Основная рубрика |
Управление (менеджмент) |
| x |
Основная подрубрика |
Финансовый менеджмент |
| 655 |
Указ. предметных рубрик (устаревшее) |
__ |
| a |
Жанр/ форма (устаревшее) |
Справочная литература |
| 700 |
Другие авторы |
__ |
| a |
Другие авторы |
Лобанов А.А. |
| q |
Полное имя |
Лобанов Алексей Анатольевич |
| 700 |
Другие авторы |
__ |
| a |
Другие авторы |
Чугунов А.В. |
| q |
Полное имя |
Чугунов Александр Васильевич |
| u |
Дополнение |
Российский экономический университет им. Г.В. Плеханова |
| 856 |
Электронный адрес документа |
4_ |
| a |
Имя сервера/домена |
znanium.ru |
| m |
Помощь |
ebs_support@infra-m.ru |
| n |
Местонахождение сервера |
НИЦ ИНФРА-М |
| u |
URL |
https://znanium.ru/catalog/document?id=473482 |
| 856 |
Электронный адрес документа |
48 |
| a |
Имя сервера/домена |
znanium.ru |
| d |
Путь |
/cover/2235 |
| f |
Электронное имя |
2235109.jpg |
| q |
Тип электронного формата |
image/jpeg |
| u |
URL |
https://znanium.ru/cover/2235/2235109.jpg |
| 911 |
|
__ |
| u |
|
0030=https://znanium.ru/catalog/document?id=473482 |